000 00552nam a2200181Ia 4500
008 151018s9999 xx 000 0 und d
082 _bRBASDV9912
_a891.461
100 _aवसंत सावंत
245 _aस्वस्तिक
250 _b1
260 _bपॉप्युलर प्रकाशन मुंबई
_c1973
300 _a80
600 _aवसंत सावंत
630 _aस्वस्तिक
700 _aवसंत सावंत
730 _aस्वस्तिक
942 _cBOOK
999 _c1012274
_d1012271